| 000 | 01232nam a22003497a 4500 | ||
|---|---|---|---|
| 003 | CHAP | ||
| 005 | 20220329140935.0 | ||
| 008 | 971013s1996 r 00010 d | ||
| 010 | _a60105 | ||
| 011 | _a61077 | ||
| 035 | _a65241 | ||
| 040 | _cCHAP | ||
| 090 | _aTesis | ||
| 100 | 0 | 0 |
_aCarranza Vázquez, Pedro. _919336 |
| 245 | _aMétodos utilizados para la identificación taxonómica de fitobacterias | ||
| 260 |
_aChapingo, Méx. : _bEl autor, _c1996 |
||
| 300 |
_a93 h. _b; anexo |
||
| 502 | _aTesis (Ing. Agr. Esp. en Parasitología Agrícola) -- UACH. Departamento de Parasitología Agrícola | ||
| 590 |
_aALEPH _b10 _c20130110 _lUCH01 _h1339 |
||
| 590 |
_aBATCH-UPD _b10 _c20130109 _lUCH01 _h2337 |
||
| 590 |
_aBATCH-UPD _b10 _c20130110 _lUCH01 _h0738 |
||
| 590 |
_aBATCH-UPD _b10 _c20130409 _lUCH01 _h1904 |
||
| 590 |
_aBATCH-UPD _b10 _c20130410 _lUCH01 _h0420 |
||
| 590 |
_aBATCH-UPD _b10 _c20130914 _lUCH01 _h0517 |
||
| 590 |
_aCONVERSION _b10 _c20130109 _lUCH01 _h1332 |
||
| 650 | 1 | 4 |
_aBacterias fitopatógenas. _99326 |
| 650 | 1 | 4 |
_aBacteriología _xClasificación. _99331 |
| 901 | _aBK | ||
| 942 | _cFOLL | ||
| 949 |
_bBC _cTES _d-145193 _eTS1 _h28674 _i65241 _si |
||
| 949 |
_bBC _cTES _d33724000166286 _eTS2 _fc.2 _h28675 _i65241 _si |
||
| 999 |
_c60105 _d60105 |
||